Ročenka Ústavu teorie a metod řízení průmyslu 1982-1983

Gespeichert in:
Bibliographische Detailangaben
Format: Buch
Sprache:Tschechisch
Veröffentlicht: Brno Vysoké učení technické 1984
Tags: Tag hinzufügen
Keine Tags, Fügen Sie das erste Tag hinzu!

MARC

LEADER 00000nam a2200000 4500
001 c113770
005 20041019155156.7
041 0 |a cze 
044 |a CZ 
245 1 0 |a Ročenka Ústavu teorie a metod řízení průmyslu 1982-1983 
264 1 |a Brno  |b Vysoké učení technické  |c 1984 
300 |a 38 s.